书目信息 |
| 题名: |
变折射率介质理论及其技术实践
|
|
| 作者: | 刘德森 编著 | |
| 分册: | ||
| 出版信息: | 重庆 西南师范大学出版社 2005.11 |
|
| 页数: | 456页 | |
| 开本: | 21cm | |
| 丛书名: | ||
| 单 册: | ||
| 中图分类: | O435.1 | |
| 科图分类: | ||
| 主题词: | 光折射--guang zhe she--介质--研究 | |
| 电子资源: | ||
| ISBN: | 7-5621-3320-4 | |
| 000 | 00856nam0 2200241 450 | |
| 001 | 012006940953 | |
| 005 | 20070612154810.37 | |
| 010 | @a7-5621-3320-4@dCNY20.00 | |
| 100 | @a20061203d2005 km y0chiy0120 ea | |
| 101 | 0 | @achi |
| 102 | @aCN@b500000 | |
| 105 | @ay a 000yy | |
| 200 | 1 | @a变折射率介质理论及其技术实践@Abian zhe she lu jie zhi li lun ji qi ji shu shi jian@f刘德森编著@Fliu de sen bian zhu |
| 210 | @a重庆@c西南师范大学出版社@d2005.11 | |
| 215 | @a456页@d21cm | |
| 300 | @a西南师范大学出版社基金资助项目 | |
| 320 | @a有书目 (第429-456页)。 | |
| 330 | @a本书主要阐述了光线光学理论、变折射率光纤的波动理论、光束在变折射率介质中的传播、折射率分布、微透镜阵列等内容。 | |
| 606 | 0 | @a光折射@Aguang zhe she@x介质@x研究 |
| 690 | @aO435.1@v4 | |
| 701 | 0 | @a刘德森@Aliu de sen@4编著 |
| 801 | 0 | @aCN@c20070612 |
| 905 | @a10447@dO435.1@eL606 | |
| 变折射率介质理论及其技术实践/刘德森编著.-重庆:西南师范大学出版社,2005.11 |
| 456页;21cm |
| 西南师范大学出版社基金资助项目 |
| ISBN 7-5621-3320-4:CNY20.00 |
| 本书主要阐述了光线光学理论、变折射率光纤的波动理论、光束在变折射率介质中的传播、折射率分布、微透镜阵列等内容。 |
| ● |
| 相关链接 |
|
|
|
正题名:变折射率介质理论及其技术实践
索取号:O435.1/L606
 
预约/预借
| 序号 | 登录号 | 条形码 | 馆藏地/架位号 | 状态 | 备注 |
| 1 | 229952 | 202299529 | 自科库401/401自科库 58排2列1层/ [索取号:O435.1/L606] | 在馆 | |
| 2 | 229953 | 202299538 | 自科库401/401自科库 58排2列1层/ [索取号:O435.1/L606] | 在馆 |